De bananas republic a repúblicas maquileras la cultura en Centroamérica en tiempos de globalización neoliberal (1990-2010)
में बचाया:
| मुख्य लेखक: | |
|---|---|
| स्वरूप: | सरकारी दस्तावेज पुस्तक |
| भाषा: | Spanish |
| प्रकाशित: |
San José, Costa Rica
EUNED
2012
|
| संस्करण: | 1. edición |
| श्रृंखला: | Colección Historia cultural de Costa Rica
13 |
| विषय: | |
| टैग: |
टैग जोड़ें
कोई टैग नहीं, इस रिकॉर्ड को टैग करने वाले पहले व्यक्ति बनें!
|
MARC
| LEADER | 00000nam a22000007a 4500 | ||
|---|---|---|---|
| 007 | ta | ||
| 008 | 140123s2012 cr |||| ||||a000 0 spa d | ||
| 020 | |a 9789968319140 | ||
| 040 | |a cru CIICLA Universidad de Costa Rica | ||
| 086 | |a 972.8 C965d | ||
| 100 | |9 73 |a Cuevas Molina, Rafael |d 1954- | ||
| 245 | 0 | 0 | |a De bananas republic a repúblicas maquileras |b la cultura en Centroamérica en tiempos de globalización neoliberal (1990-2010) |c Rafael Cuevas Molina |
| 250 | |a 1. edición | ||
| 260 | |a San José, Costa Rica |b EUNED |c 2012 | ||
| 300 | |a 328 páginas | ||
| 490 | 0 | |a Colección Historia cultural de Costa Rica |v 13 | |
| 651 | 4 | |a AMERICA CENTRAL |x HISTORIA |x ASPECTOS ECONOMICOS |x ASPECTOS SOCIALES | |
| 942 | |2 ddc |c BK |k 972.8 |m C965d | ||
| 999 | |c 3147 |d 3147 | ||



